General Knowledge #001 - Statistics

General Stats
  • This quiz has been taken 679 times
  • The average score is 10 of 15
Answer Stats
Hint Answer % Correct
What colour are London taxi cabs Black
95%
What is 10 in roman numerals X
92%
Who is 007 James Bond
91%
Nelson Mandela was president of which country South Africa
89%
How many cards excluding jokers are in a pack of cards 52
86%
What is 40% of 40 16
83%
What year was John F Kennedy assasinated 1963
77%
What planet is 7th away from the sun Uranus
76%
How many men have walked on the moon 12
73%
What is the biggest state in U.S.A Alaska
73%
What is the worlds largest bird Ostrich
70%
What is xenophobia the fear of Foreigners
43%
What is the largest man made structure on earth The great wall of China
42%
What is the capital of Azerbijan Baku
36%
What prison did Harold and Kumar escape from Guantanamo Bay
19%
No matching quizzes found
Score Distribution
Percent of People with Each Score
Percentile by Number Answered
Your Score History
You have not taken this quiz